[Event "Detroit op"]
[Site "Detroit"]
[Date "2000.12.16"]
[Round "4"]
[White "Coleman, Kareem"]
[Black "Foord, Allan"]
[Result "1-0"]
[WhiteElo "808"]
[BlackElo "1500"]
[PlyCount "45"]
[EventDate "2000.12.16"]
[EventType "swiss"]
[EventRounds "6"]
[EventCountry "USA"]
[SourceTitle "EXT 2007"]
[Source "ChessBase"]
[SourceDate "2006.11.23"]
[SourceVersion "1"]
[SourceVersionDate "2006.11.23"]
[SourceQuality "1"]

1. e4 c5 2. Nf3 Nc6 3. Bc4 e6 4. Nc3 d6 5. d3 Nf6 6. 0-0 Be7 7. Bg5 a6 8. Re1 0-0 9. Bxf6 Bxf6 10. a3 b5 11. Ba2 Rb8 12. g3 b4 13. axb4 Rxb4 14. Qd2 Rxb2 15. Rab1 Bxc3 16. Qxc3 Rxa2 17. e5 Nxe5 18. Nxe5 Qa5 19. Qxa5 Rxa5 20. Nc6 Ra2 21. Rb8 Bd7 22. Ne7+ Kh8 23. Rxf8# 1-0